00486nam a2200169Ia 450000500170000000800410001702000150005808200150007310000170008824500220010526000480012730000130017565000100018894200060019895200970020499900150030120250627013355.0240331s9999 xx 000 0 und d a9555512239 a362.8bLIY aLiyanage,S.S 0aKotu paure gahanu aColombobDayawansa Jayakody & Companyc2001 a214 p ., aWomen cL 001040708LaWERCLbWERCLcSSCd2024-03-31l0o 362.8 LIYp4774r2024-03-31w2024-03-31yL c1200d1200